Spell the Marvel Character #371 - Statistics

General Stats
  • This quiz has been taken 12 times
  • The average score is 9 of 11
Answer Stats
Picture Answer % Correct
Agent Venom
100%
Gamora
100%
Nightcrawler
100%
Old Man Logan
100%
Nova
92%
Outlaw
83%
Red She-Hulk
83%
Moondragon
67%
Omega
67%
Mercury
58%
Darkstar
50%
No matching quizzes found
Score Distribution
Percent of People with Each Score
Percentile by Number Answered
Your Score History
You have not taken this quiz